<A> nonparametric investigation of duration dependence in the American business cycle.
Podmienky zvyšovania, alebo poklesu obchodnej expanzie. Analýza podstaty trvania závislosti na mnohozáujmovej ekonomickej aktivite z makroekonomického hľadiska. Interpretácia všeobecných názorov na periodicitu cykličnosti reprodukcie. Základné javy trhovej ekonomiky.
Guardado en:
| Autor principal: | |
|---|---|
| Otros Autores: | |
| Formato: | Capítulo de libro |
| Lenguaje: | inglés |
| Materias: | |
| Etiquetas: |
Sin Etiquetas, Sea el primero en etiquetar este registro!
|
MARC
| LEADER | 00000naa a2200000 4500 | ||
|---|---|---|---|
| 001 | r002182 | ||
| 005 | 20220819193419.8 | ||
| 041 | 0 | |a eng | |
| 044 | |a US | ||
| 245 | 1 | 0 | |a <A> nonparametric investigation of duration dependence in the American business cycle. |c F.X. Diebold, G.D. Rudebusch |
| 520 | |a Podmienky zvyšovania, alebo poklesu obchodnej expanzie. Analýza podstaty trvania závislosti na mnohozáujmovej ekonomickej aktivite z makroekonomického hľadiska. Interpretácia všeobecných názorov na periodicitu cykličnosti reprodukcie. Základné javy trhovej ekonomiky. | ||
| 610 | 2 | 0 | |a cykly hospodárske |
| 610 | 2 | 0 | |a obchod |
| 610 | 2 | 0 | |a USA |
| 610 | 2 | 0 | |a makroekonomika |
| 610 | 2 | 0 | |a hospodárstvo trhové |
| 610 | 2 | 0 | |a testy |
| 610 | 2 | 0 | |a podnikanie |
| 610 | 2 | 0 | |a reprodukcia |
| 100 | 1 | |a Diebold, F.X. | |
| 700 | 1 | |a Rudebusch, G.D. | |